| 000 | 00987nam a22002897a 4500 | ||
|---|---|---|---|
| 005 | 20111202095950.0 | ||
| 008 | 111202t xxu||||| |||| 00| 0 eng d | ||
| 010 | _aENG-104275 | ||
| 020 |
_a9780071333122 _c575.00 |
||
| 020 |
_a0071333126 _c575.00 |
||
| 035 | _aEN-87808 | ||
| 037 | _bDBAD/PUB | ||
| 040 |
_aDPL _bEng |
||
| 082 | _a620.106 | ||
| 100 |
_936352 _aWhite, Frank M. |
||
| 245 |
_aFluid mechanics / _cby Frank M. White |
||
| 250 | _a7th ed | ||
| 260 |
_aNew Delhi _bTata McGraw Hill _c2011 |
||
| 270 |
_a7 West Patel Nagar _bNew Delhi _e110008 |
||
| 300 |
_axviii,878p. : _c24cm(pbk) _bill. |
||
| 490 |
_aMc Graw Hill series in mechanical engineering _936472 |
||
| 500 | _aIncludes index | ||
| 650 |
_936353 _aFluid mechanics |
||
| 700 | _936394 | ||
| 942 |
_2ddc _cEN _mWHI _h620.106 |
||
| 999 |
_c58899 _d58899 |
||